<?xml version="1.0" encoding="UTF-8"?>
<collection xmlns="http://www.loc.gov/MARC21/slim">
 <record>
  <leader>01381nam a2200289 a 4500</leader>
  <controlfield tag="001">EUN.eunm009587</controlfield>
  <controlfield tag="007">ta</controlfield>
  <controlfield tag="008">240628s2023####ag#####gr#####001#fdspa##</controlfield>
  <controlfield tag="005">20251113125049.0</controlfield>
  <datafield tag="245" ind1="1" ind2="3">
   <subfield code="a">El niño resentido /</subfield>
   <subfield code="c">César González.</subfield>
  </datafield>
  <datafield tag="250" ind1=" " ind2=" ">
   <subfield code="a">10a ed.</subfield>
  </datafield>
  <datafield tag="260" ind1=" " ind2=" ">
   <subfield code="a">Buenos Aires :</subfield>
   <subfield code="b">Reservoir Books,</subfield>
   <subfield code="c">2023.</subfield>
  </datafield>
  <datafield tag="300" ind1=" " ind2=" ">
   <subfield code="a">189 p. ;</subfield>
   <subfield code="c">21 cm.</subfield>
  </datafield>
  <datafield tag="490" ind1="1" ind2=" ">
   <subfield code="a">Reservoir Narrativa</subfield>
  </datafield>
  <datafield tag="520" ind1="1" ind2=" ">
   <subfield code="a">&quot;'El niño resentido' señala con precisión las cosas que no se ven a través de los vidrios polarizados. Correr por pasillos que jamás voy a poder visitar de noche y entender de qué huyo. Una modesta alcantarilla por donde se escurren las ideas con las que enmascaramos nuestros privilegios. Este libro da miedo y tiene la llave para salir del miedo. Suplico que lo lean. A ver si logramos ir juntos para algún lado que no sea la guerra./ Lucrecia Martel&quot;--Tapa posterior.</subfield>
  </datafield>
  <datafield tag="020" ind1=" " ind2=" ">
   <subfield code="a">978-987-3818-24-0</subfield>
  </datafield>
  <datafield tag="100" ind1="1" ind2=" ">
   <subfield code="a">González, César,</subfield>
   <subfield code="d">1989-</subfield>
   <subfield code="e">autor</subfield>
   <subfield code="4">aut</subfield>
  </datafield>
  <datafield tag="830" ind1=" " ind2="0">
   <subfield code="a">Reservoir Narrativa (Reservoir Books)</subfield>
  </datafield>
  <datafield tag="080" ind1=" " ind2=" ">
   <subfield code="a">821.134.2(82)-31</subfield>
   <subfield code="2">2016</subfield>
  </datafield>
  <datafield tag="082" ind1="0" ind2="4">
   <subfield code="a">A868.5</subfield>
   <subfield code="2">21</subfield>
  </datafield>
  <datafield tag="600" ind1="1" ind2="4">
   <subfield code="a">González, César,</subfield>
   <subfield code="d">1989-</subfield>
  </datafield>
  <datafield tag="650" ind1=" " ind2="4">
   <subfield code="a">Exclusión social</subfield>
   <subfield code="v">unescot</subfield>
  </datafield>
  <datafield tag="650" ind1=" " ind2="4">
   <subfield code="a">Literatura argentina</subfield>
   <subfield code="v">unbist</subfield>
  </datafield>
  <datafield tag="655" ind1=" " ind2="4">
   <subfield code="a">Novela autobiográfica</subfield>
  </datafield>
  <datafield tag="040" ind1=" " ind2=" ">
   <subfield code="a">AR-BaBN</subfield>
   <subfield code="b">spa</subfield>
   <subfield code="c">AR-BaBN</subfield>
   <subfield code="e">aacr</subfield>
   <subfield code="d">AR-BaUNS</subfield>
  </datafield>
  <datafield tag="044" ind1=" " ind2=" ">
   <subfield code="a">ag</subfield>
   <subfield code="c">ar-c</subfield>
  </datafield>
  <datafield tag="859" ind1=" " ind2=" ">
   <subfield code="a">AR-BaUNS</subfield>
   <subfield code="b">BIB. CENTRAL - Sector A</subfield>
   <subfield code="h">A868.5</subfield>
   <subfield code="i">G589</subfield>
   <subfield code="p">129070/025</subfield>
  </datafield>
 </record>
</collection>
